000 00702cam a2200229 4500500
005 20260329005557.0
041 _afre
042 _adc
100 1 0 _ade Oliveira, Victorine
_eauthor
245 0 0 _aLa machine infernale : extrait de l’œuvre de Michel Foucault commentée
260 _c2024.
500 _a11
690 _aBentham
690 _aJeremy Bentham
690 _aMachine
690 _aMichel Foucault
690 _aPanoptique
690 _aPouvoir
690 _aSurveillance
786 0 _nPhilosophie magazine | 177 | 3 | 2024-03-01 | p. 44-44 | 1951-1787
856 4 1 _uhttps://shs.cairn.info/magazine-philosophie-magazine-2024-3-page-44?lang=fr&redirect-ssocas=7080
999 _c1844672
_d1844672